000 01410nam a2200337Ia 4500
001 ebr10175719
003 CaPaEBR
006 m u
007 cr cn|||||||||
008 061205s2007 enk sb 001 0 eng d
020 _z9781403976444 (hbk.)
020 _z1403976449 (hbk.)
040 _aCaPaEBR
_cCaPaEBR
035 _a(OCoLC)320325621
050 1 4 _aPS310.P6
_bD69 2007eb
082 0 4 _a811.609358
_222
100 1 _aDowdy, Michael.
245 1 0 _aAmerican political poetry in the 21st century
_h[electronic resource] /
_cMichael Dowdy.
260 _aBasingstoke :
_bPalgrave Macmillan,
_cc2007.
300 _axii, 234 p.
490 1 _aAmerican literature in the twenty-first century
504 _aIncludes bibliographical references and index.
533 _aElectronic reproduction.
_bPalo Alto, Calif. :
_cebrary,
_d2009.
_nAvailable via World Wide Web.
_nAccess may be limited to ebrary affiliated libraries.
650 0 _aPolitical poetry, American
_xHistory and criticism.
650 0 _aAmerican poetry
_y21st century
_xHistory and criticism.
650 0 _aAmerican poetry
_y20th century
_xHistory and criticism.
655 7 _aElectronic books.
_2local
710 2 _aebrary, Inc.
830 0 _aAmerican literature in the twenty-first century.
856 4 0 _uhttp://site.ebrary.com/lib/rucke/Doc?id=10175719
_zAn electronic book accessible through the World Wide Web; click to view
999 _c237975
_d237975